[Event "EU-Cup 32nd"]
[Site "Novi Sad"]
[Date "2016.11.11"]
[Round "6.4"]
[White "Van Kemenade, Rudy"]
[Black "Karralliu, Fuat"]
[Result "0-1"]
[WhiteElo "1969"]
[BlackElo "1931"]
[PlyCount "154"]
[EventDate "2016.11.06"]
[EventType "team-swiss"]
[EventRounds "7"]
[EventCountry "SRB"]
[SourceTitle "CBM 176"]
[Source "ChessBase"]
[SourceDate "2017.01.17"]
[SourceVersion "1"]
[SourceVersionDate "2017.01.17"]
[SourceQuality "1"]
[WhiteTeam "Cardigan"]
[BlackTeam "Butrinti"]
[WhiteTeamCountry "WLS"]
[BlackTeamCountry "ALB"]

1. f4 Nc6 2. Nf3 Nf6 3. g3 d5 4. Bg2 Bg4 5. h3 Bxf3 6. Bxf3 e6 7. d4 a6 8. e3 Be7 9. 0-0 0-0 10. Nd2 Nd7 11. c4 Nf6 12. a3 b5 13. cxb5 axb5 14. Qc2 Na5 15. b3 Qd7 16. Bb2 Rfc8 17. Qd3 g6 18. Rfc1 c6 19. Kh2 Nb7 20. e4 Ne8 21. Be2 Bf6 22. e5 Be7 23. b4 Ng7 24. g4 Bf8 25. Rg1 Kh8 26. Raf1 Be7 27. Qe3 f5 28. g5 Qe8 29. Rg2 Qf7 30. Rh1 Rg8 31. Kg1 Ra6 32. Kf2 Raa8 33. Nf1 Ra4 34. Ng3 Bxb4 35. axb4 Rxb4 36. Qc3 Rc4 37. Bxc4 dxc4 38. Ra1 Qc7 39. Qb4 Rd8 40. Ba3 Qd7 41. Rd1 c5 42. Qd2 cxd4 43. Bb2 d3 44. Qb4 Qc6 45. Ba3 Qb6+ 46. Kf1 Qe3 47. Qd2 Qxd2 48. Rgxd2 Na5 49. Be7 Rc8 50. Bb4 Nc6 51. Bc3 b4 52. Ba1 Na5 53. Ra2 Nb3 54. Ke1 Ne8 55. Bb2 Nc7 56. Nf1 Nd5 57. Ra4 Nc5 58. Ra5 Ne4 59. Rda1 c3 60. Bc1 b3 61. Ra8 Rxa8 62. Rxa8+ Kg7 63. Ra7+ Kf8 64. Rb7 b2 65. Bxb2 d2+ 66. Nxd2 cxd2+ 67. Ke2 Nxf4+ 68. Kd1 Nxh3 69. Bd4 Nhxg5 70. Ke2 h5 71. Be3 Nf3 72. Rc7 g5 73. Rc6 Kf7 74. Rc7+ Ke8 75. Bxd2 Nfxd2 76. Rh7 h4 77. Rh5 Nc4 0-1

[Event "EU-Cup 32nd"]
[Site "Novi Sad"]
[Date "2016.11.10"]
[Round "5.4"]
[White "Karralliu, Fuat"]
[Black "Meessen, Rudolf"]
[Result "0-1"]
[WhiteElo "1931"]
[BlackElo "2297"]
[PlyCount "117"]
[EventDate "2016.11.06"]
[EventType "team-swiss"]
[EventRounds "7"]
[EventCountry "SRB"]
[SourceTitle "CBM 176"]
[Source "ChessBase"]
[SourceDate "2017.01.17"]
[SourceVersion "1"]
[SourceVersionDate "2017.01.17"]
[SourceQuality "1"]
[WhiteTeam "Butrinti"]
[BlackTeam "Eupen Rochade"]
[WhiteTeamCountry "ALB"]
[BlackTeamCountry "BEL"]

1. e4 e6 2. f4 d5 3. e5 c5 4. Bb5+ Nc6 5. Nf3 Qb6 6. Bxc6+ bxc6 7. 0-0 c4+ 8. Kh1 Nh6 9. Qe2 Ba6 10. c3 Be7 11. h3 Nf5 12. Kh2 h5 13. Na3 h4 14. Nc2 Ng3 15. Qf2 Nxf1+ 16. Qxf1 0-0-0 17. Qg1 Qxg1+ 18. Kxg1 c5 19. b3 Rd7 20. Ba3 cxb3 21. axb3 Bd3 22. Nce1 Bf5 23. d4 cxd4 24. Bxe7 Rxe7 25. Nxd4 Be4 26. Kf2 Kb7 27. Nef3 Bxf3 28. gxf3 Rc8 29. Rc1 Kb6 30. Ke2 a5 31. Kd3 g6 32. Rc2 Ra7 33. Rb2 Rac7 34. Rc2 Rc5 35. Kd2 Kc7 36. Kd3 Kd7 37. Kd2 a4 38. bxa4 Rc4 39. a5 Ra4 40. Rb2 Rxa5 41. Rb7+ Rc7 42. Rb2 Ra1 43. Rb6 Ra2+ 44. Kd3 Rh2 45. Nb5 Rxh3 46. Ke3 Rc4 47. Ra6 Re4+ 48. Kd2 Rh2+ 49. Kd3 Ree2 50. Ra7+ Kd8 51. Kd4 Ra2 52. Rxf7 Rhb2 53. Nd6 h3 54. Kc5 h2 55. Rf8+ Kc7 56. Rf7+ Kb8 57. Rf8+ Ka7 58. Nc8+ Ka6 59. Rf7 0-1

[Event "EU-Cup 32nd"]
[Site "Novi Sad"]
[Date "2016.11.09"]
[Round "4.4"]
[White "Scott, Luke"]
[Black "Karralliu, Fuat"]
[Result "1/2-1/2"]
[WhiteElo "2016"]
[BlackElo "1931"]
[PlyCount "86"]
[EventDate "2016.11.06"]
[EventType "team-swiss"]
[EventRounds "7"]
[EventCountry "SRB"]
[SourceTitle "CBM 176"]
[Source "ChessBase"]
[SourceDate "2017.01.17"]
[SourceVersion "1"]
[SourceVersionDate "2017.01.17"]
[SourceQuality "1"]
[WhiteTeam "Dublin Trinity College"]
[BlackTeam "Butrinti"]
[WhiteTeamCountry "IRL"]
[BlackTeamCountry "ALB"]

1. d4 Nf6 2. c4 d6 3. Nf3 g6 4. Nc3 Bg7 5. e4 Bg4 6. Be2 0-0 7. Be3 Nbd7 8. 0-0 a6 9. Ne1 Bxe2 10. Qxe2 e5 11. d5 b6 12. Nd3 a5 13. b4 axb4 14. Nxb4 Nb8 15. a4 Qd7 16. Ra3 Ra5 17. Rb1 Ng4 18. f3 Nxe3 19. Qxe3 f5 20. Nd3 fxe4 21. fxe4 Qf7 22. Raa1 Qd7 23. Rb5 Ra8 24. Ra2 Qf7 25. Rf2 Qe7 26. Rxf8+ Qxf8 27. Qh3 Bh6 28. Rb2 Bg7 29. Rf2 Qd8 30. Qe6+ Kh8 31. Rf7 Na6 32. Nb5 Qg5 33. h3 Qe3+ 34. Nf2 Nc5 35. Qe7 Nxe4 36. Nxc7 Nxf2 37. Kh2 Rg8 38. Ne6 Ne4 39. Nxg7 Qg3+ 40. Kg1 Qe3+ 41. Kh2 Qg3+ 42. Kg1 Qe3+ 43. Kh2 Qg3+ 1/2-1/2